| 000 | 01290cam a2200217 4500 | ||
|---|---|---|---|
| 001 | WB@3612-505 | ||
| 008 | 041007n2004 000 0 eng u | ||
| 035 | _a(Sirsi) u127650 | ||
| 245 | _aWorking but can't afford to buy? | ||
| 260 | _c2004 | ||
| 490 |
_aJoseph Rowntree Foundation Press Release _v(024) October 2004 (11) |
||
| 520 | _aAn updated study based on the 2002 report "Can work: can't buy", has revealed that affordability issues now affect the southwest England and not just London and the southeast. The study provides a range of analyses of the difficulties of working households aged 20 to 39 face in accessing home ownership in every area of England at the end of 2003. It is based on local prices for two and three bedroom dwellings. It found that access to home ownership is most problematic in London, where the ratio of average house price to household gross earned income is 4.69 to 1. In the southwest of England the ration is 4.66 to 1. Full details can be found at: http://www.jrf.org.uk/home.asp. http://www.jrf.org.uk/knowledge/findings/housing/0 24.asp | ||
| 590 | _aWB | ||
| 590 | _aWB | ||
| 650 | _aAFFORDABILITY | ||
| 650 | _aHOME OWNERSHIP | ||
| 650 | _aHOUSING SUPPLY | ||
| 650 | _aFIRST-TIME BUYERS | ||
| 690 | _aHOUSING-MARKET | ||
| 942 | _n0 | ||
| 999 |
_c118133 _d118133 |
||